=LDR 00000nam 2200000 4500 =001 INLIS000000000025411 =005 20200818094431 =035 ##$$a 0010-061300000025411 =008 200818################g##########0#ind## =041 ##$$a Ind =082 ##$$a 2X7.2 =090 ##$$a 2X7.2, Buk s =100 ##$$a Al Bukhori, Jefri =245 1#$$a Senandung Cinta : $b Panduan Menjadi Remaja Yanmg Berbudi dan Berprestasi /$c Ust.Jefri Al Bukhori editor, H.Syaifddin Aman, Syaiful Hadi el-Sutha =260 ##$$a Jakarta :$b Pustaka A-Mawardi,$c 2006. =300 ##$$a 161 hlm, ; $c 18 x 12 cm. =650 #4$$a Nasehat remaja =850 ##$$a NBPNMAT =084 ##$$a 2X7.2 BUK s =250 ##$$a cet.1 =700 #$$a Syaifddin Aman =700 #$$a Syaiful Hadi el-Sutha =990 ##$$a 0001/BPAP-NTB/2016 =990 ##$$a 0001/BPAP-NTB/2016 =990 ##$$a 0001/BPAP-NTB/2016 =990 ##$$a 30702054 =990 ##$$a 0001/BPAP-NTB/2016 =990 ##$$a 0001/BPAP-NTB/2016 =990 ##$$a 30702054 =990 ##$$a 0001/BPAP-NTB/2016 =990 ##$$a 0001/BPAP-NTB/2016